书目信息 |
| 题名: |
2007-2008同济都市建筑年度作品
|
|
| 作者: | 吴长福 , 汤朔宁 主编 | |
| 分册: | ||
| 出版信息: | 上海 同济大学出版社 2009.12 |
|
| 页数: | 255页 | |
| 开本: | 21cm | |
| 丛书名: | ||
| 单 册: | ||
| 中图分类: | TU206 | |
| 科图分类: | ||
| 主题词: | 建筑设计--作品集--中国--2007-2008 | |
| 电子资源: | ||
| ISBN: | 978-7-5608-4230-1 | |
| 000 | 01064nam0 2200253 450 | |
| 001 | 012010614061 | |
| 005 | 20101009165317.84 | |
| 010 | @a978-7-5608-4230-1@dCNY50.00 | |
| 100 | @a20101129d2009 em y0chiy0110 ea | |
| 101 | 0 | @achi |
| 102 | @aCN@b310000 | |
| 105 | @aa z 000yy | |
| 200 | 1 | @a2007-2008同济都市建筑年度作品@A2007-2008 tong ji du shi jian zhu nian du zuo pin@d= Yearbook of Tongji urban architectural design 2007-2008@f吴长福, 汤朔宁主编@zeng |
| 210 | @a上海@c同济大学出版社@d2009.12 | |
| 215 | @a255页@c图@d21cm | |
| 330 | @a本书辑选了同济大学建筑设计研究院2007-2008年完成的多项创作项目,其内容涵盖了办公、文化、教育、体育、住宅等建筑类型和城市设计、景观设计、历史建筑保护等设计层面。 | |
| 510 | 1 | @aYearbook of Tongji urban architectural design 2007-2008@zeng |
| 517 | 1 | @a同济都市建筑年度作品@Atong ji du shi jian zhu nian du zuo pin |
| 606 | 0 | @a建筑设计@x作品集@y中国@z2007-2008 |
| 690 | @aTU206@v4 | |
| 701 | 0 | @a吴长福@Awu chang fu@4主编 |
| 701 | 0 | @a汤朔宁@Atang shuo ning@4主编 |
| 801 | 0 | @aCN@c20101129 |
| 905 | @dTU206@eW750 | |
| 2007-2008同济都市建筑年度作品= Yearbook of Tongji urban architectural design 2007-2008/吴长福, 汤朔宁主编.-上海:同济大学出版社,2009.12 |
| 255页:图;21cm |
| ISBN 978-7-5608-4230-1:CNY50.00 |
| 本书辑选了同济大学建筑设计研究院2007-2008年完成的多项创作项目,其内容涵盖了办公、文化、教育、体育、住宅等建筑类型和城市设计、景观设计、历史建筑保护等设计层面。 |
| ● |
| 相关链接 |
|
|
|
正题名:2007-2008同济都市建筑年度作品
索取号:TU206/W750
 
预约/预借
| 序号 | 登录号 | 条形码 | 馆藏地/架位号 | 状态 | 备注 |
| 1 | 1032612 | 210326128 | 建筑库101/101建筑库 43排2列5层/ [索取号:TU206/W750] | 在馆 | |
| 2 | 1032613 | 210326137 | 建筑库101/101建筑库 43排2列5层/ [索取号:TU206/W750] | 在馆 | |
| 3 | 1032614 | 210326146 | 建筑库101/101建筑库 43排2列5层/ [索取号:TU206/W750] | 在馆 |